000
00310nam a2200145Ia 4500
008
240112s2014 xx 000 0 und d
022
_a
9405429
041
_a
eng
082
_a
616.05
100
_a
PORTA M
245
_a
ACTA DIABETALOGICA
260
_b
SPRINGER
_c
2014
300
_a
1-518
440
_v
51
999
_c
1144359
_d
1144359